Movies Quiz

Random Movies or Clickable Quiz
Score 0/16 Timer 03:00
94 Plays Today
% Correct
Little Mermaid
94.8%
Hunchback of Notre Dame
93.8%
Lion King
92.8%
Princess and the Frog
92.4%
Jungle Book
92.4%
Sword in the Stone
91.8%
Fox and the Hound
91.7%
Many Adventures of Winnie the Pooh
90.2%
% Correct
Great Mouse Detective
89.6%
Emperor's New Groove
89.3%
Aristocats
88.6%
Rescuers
87.5%
Adventures of Ichabod and Mr. Toad
86.8%
Rescuers Down Under
83.6%
Black Cauldron
79.5%
Three Caballeros
78.4%
Remove Ads.
Support Sporcle.
Get the best of Sporcle when you Go Orange. This ad-free experience offers more features, more stats, and more fun while also helping to support Sporcle. Thank you for becoming a member.

You're not logged in!

Compare scores with friends on all Sporcle quizzes.
OR
Log In

Show Comments

Extras

Top Quizzes Today


Score Distribution

Your Account Isn't Verified!

In order to create a playlist on Sporcle, you need to verify the email address you used during registration. Go to your Sporcle Settings to finish the process.

Report this User

Report this user for behavior that violates our Community Guidelines.

Details: